| 000 | 00997nam a2200241 i 4500 | ||
|---|---|---|---|
| 001 | 167132 | ||
| 003 | ES-MaACL | ||
| 005 | 20231227143447.0 | ||
| 008 | 990721s1895 sp c |||| | spa d | ||
| 245 | 0 | 0 |
_aVelada celebrada en honor de Joaquín Mª Sanromá en la noche de 25 de abril de 1895 _b: con varios apéndices. |
| 260 |
_aMadrid : _b[s.n.], _c1895 ( _fEst. tip. de A. Avrial) |
||
| 300 |
_a[2], 117 p., [1] h. de retr. ; _c26 cm. |
||
| 530 | _aDisponible en formato digital. | ||
| 594 | _aPrecede al tít.: Ateneo Científico, Literario y Artístico de Madrid. | ||
| 597 | _aAntep. | ||
| 600 | 1 | 4 |
_aSanromá, Joaquín María, _d1828-1895 _9103198 |
| 610 | 2 | 4 |
_aAteneo de Madrid- _vVeladas literarias. _91935 |
| 710 | 2 |
_aAteneo de Madrid. _91875 |
|
| 852 |
_aES-MaACL _jFol-Laf-79 _z- Rust. _z. - Legado M. de la Fuente |
||
| 852 |
_aES-MaACL _jT-841-F-3 |
||
| 856 |
_uhttp://bdh-rd.bne.es/viewer.vm?id=0000066527&page=1 _zBiblioteca Digital Hispánica |
||
| 999 |
_c167132 _d167132 |
||